[Event "DRUGA LIGA SRBIJE-GRUPA VOJVODINA 2016"]
[Site "Kac"]
[Date "2016.11.18"]
[Round "5.6"]
[White "Tomic, Zivan"]
[Black "Djordjevic, Mitar"]
[Result "1-0"]
[WhiteElo "2058"]
[BlackElo "2152"]
[PlyCount "95"]
[EventDate "2016.11.15"]

1. d4 d5 2. Nf3 Nf6 3. g3 c6 4. Bg2 Bf5 5. O-O h6 6. Nbd2 e6 7. Re1 Be7 8. Ne5
O-O 9. a3 c5 10. e3 Nc6 11. Nxc6 bxc6 12. dxc5 Bxc5 13. b4 Bb6 14. Bb2 a5 15.
c4 Qe7 16. Bc3 Rfd8 17. c5 Bc7 18. Nb3 Ne4 19. Qc1 Nxc3 20. Qxc3 axb4 21. axb4
e5 22. Rxa8 Rxa8 23. b5 cxb5 24. Bxd5 Rb8 25. e4 Bh3 26. Qf3 Qd7 27. Ra1 Bg4
28. Qd3 Bd8 29. Ra2 Kh8 30. Rc2 Bc7 31. f3 Bh3 32. Qd2 f5 33. Ra2 Bd8 34. Kf2
f4 35. Ra6 Bg5 36. Qa2 fxg3+ 37. hxg3 h5 38. Rd6 Qe7 39. Ra6 h4 40. Ra8 hxg3+
41. Kxg3 Rf8 42. Kxh3 Kh7 43. Rxf8 Qxf8 44. Qg2 Qf4 45. Qg4 Qe3 46. Bf7 g6 47.
c6 Bf4 48. Qxg6+ 1-0

[Event "DRUGA LIGA SRBIJE-GRUPA VOJVODINA 2016"]
[Site "Kac"]
[Date "2016.11.18"]
[Round "5.6"]
[White "Reljic, Zoran"]
[Black "Ilicin, Mladen"]
[Result "1-0"]
[WhiteElo "2126"]
[BlackElo "2051"]
[PlyCount "39"]
[EventDate "2016.11.15"]

1. e4 Nf6 2. e5 Nd5 3. c4 Nb6 4. d4 d6 5. exd6 exd6 6. Be3 Be7 7. Bd3 Nc6 8.
Nd2 O-O 9. a3 Bf6 10. Ngf3 Bg4 11. Qc2 h6 12. h3 Bd7 13. O-O-O a5 14. Rdg1 a4
15. g4 Be7 16. g5 h5 17. g6 fxg6 18. Bxg6 Na5 19. Bh7+ Kh8 20. Qg6 1-0